Phương pháp mô hình phân tích rủi ro tín dụng : Luận văn tốt nghiệp cao học. Ngành Lý thuyết xác suất và thống kê toán học

Đề tài nghiên cứu lý thuyết phương pháp mô hình phân tích rủi ro tín dụng ứng dụng để giải quyết các bài toán thực tiếndựa trên nền tảng của các quá trình ngẫu nhiên

Enregistré dans:
Détails bibliographiques
Auteur principal: Nguyễn, Thanh Sang
Format: Livre
Langue:Undetermined
Publié: Cần Thơ Trường Đại học Cần Thơ 2009
Sujets:
Tags: Ajouter un tag
Pas de tags, Soyez le premier à ajouter un tag!
Thư viện lưu trữ: Trung tâm Học liệu Trường Đại học Cần Thơ
LEADER 01161nam a2200229Ia 4500
001 CTU_183171
008 210402s9999 xx 000 0 und d
082 |a 332.01 
082 |b S106 
088 |a 60460106 
100 |a Nguyễn, Thanh Sang 
245 0 |a Phương pháp mô hình phân tích rủi ro tín dụng : 
245 0 |b Luận văn tốt nghiệp cao học. Ngành Lý thuyết xác suất và thống kê toán học 
245 0 |c Nguyễn Thanh Sang ; Lê Sĩ Đồng (Hướng dẫn khoa học) 
260 |a Cần Thơ 
260 |b Trường Đại học Cần Thơ 
260 |c 2009 
520 |a Đề tài nghiên cứu lý thuyết phương pháp mô hình phân tích rủi ro tín dụng ứng dụng để giải quyết các bài toán thực tiếndựa trên nền tảng của các quá trình ngẫu nhiên 
650 |a Finance,Stochastic processes,Tài chính,Quá trình ngẫu nhiên 
650 |x Mathematical models,Mô hình toán 
904 |i Huỳnh Mai 
980 |a Trung tâm Học liệu Trường Đại học Cần Thơ